Loading...
| Popular Culture | 0 | 2 | 0 | 1 | 20 | 97 | 114.50 | 0 | 0 | 10.72 | 29.17 |
| Social Science | 0 | 1 | 0 | 0 | 10 | 76 | 76.00 | 0 | 0 | 2.81 | 1.14 |
| Mythology | 0 | 1 | 0 | 0 | 10 | 35 | 35.00 | 1 | 1 | 6.55 | 7.95 |
| Other Academic | 0 | 1 | 0 | 0 | 10 | 87 | 87.00 | 0 | 0 | 11.85 | 16.67 |
| Religion | 0 | 1 | 0 | 0 | 10 | 100 | 100.00 | 0 | 1 | 0.43 | 7.95 |
| History - American | 0 | 1 | 0 | 0 | 10 | 15 | 15.00 | 0 | 1 | 7.86 | 7.95 |
| History - Other | 0 | 1 | 1 | 0 | 5 | 85 | 85.00 | 0 | 0 | 3.37 | 2.27 |
| Literature - American | 0 | 0 | 0 | 0 | 0 | 0.00 | 0 | 0 | 0.00 | 0.00 | |
| Literature - British | 0 | 0 | 0 | 0 | 0 | 0.00 | 0 | 0 | 0.00 | 0.00 | |
| Science - Physics | 0 | 0 | 0 | 0 | 0 | 0.00 | 0 | 0 | 0.00 | 0.00 | |
| Science - Chemistry | 0 | 0 | 0 | 0 | 0 | 0.00 | 0 | 0 | 0.00 | 0.00 |